| 000 | 00850nam a2200217 a 4500 | ||
|---|---|---|---|
| 001 | 000024853 | ||
| 005 | 20200930023417.0 | ||
| 008 | 110207s1988 cu abc r 000 0 spa d | ||
| 040 |
_aDO-SdBNP _bspa _cBNPHU |
||
| 082 |
_a928.7291 _bM378D |
||
| 100 | 1 |
_aDíaz Méndez, Mary Nieves, _d1951- _951002 |
|
| 245 | 1 | 0 |
_aDe Paula 41 al Museo Casa Natal José Martí : _bhistoria de un hombre contada por su casa / _cMary Nieves Díaz Méndez ; edición Dulcila Cañizares. |
| 260 |
_aLa Habana, Cuba : _bLetras Cubanas, _c1988. |
||
| 300 |
_a125, [1] p. : _bil., mapas, retrs. ; _c18 cm. |
||
| 504 | _aIncluye referencias bibliográficas (121-124) | ||
| 600 | 1 | 4 |
_aMARTÍ, JOSÉ, _d1853-1895 _xBIOGRAFÍA _919222 |
| 650 | 4 |
_aLiteratura cubana _91483 |
|
| 651 | 4 |
_aCuba _xPolítica Y Gobierno _9541 |
|
| 700 | 1 |
_aCañizares, Dulcila _eed. _951003 |
|
| 049 | _aBNGR | ||
| 999 |
_c24346 _d24346 |
||